Spravočnik po matematike dlja inženerov i učaščichsja VTUZov /

Guardado en:
Detalles Bibliográficos
Autores principales: Bronštejn, Iľja Nikolajevič (Autor), Semendjajev, Konstantin Adoľfovič (Autor)
Formato: Libro
Lenguaje:ruso
Publicado: Moskva : Nauka, 1986
Edición:13.izd.
Materias:
Etiquetas: Agregar Etiqueta
Sin Etiquetas, Sea el primero en etiquetar este registro!

MARC

LEADER 00000nam a22000003a 4500
001 stu34952
005 20150617225730.5
008 920401s1986----xxr-----------------rus-d
040 |a STU  |b slo 
041 0 |a rus 
044 |a xxr 
080 |a 51(035) 
100 1 |a Bronštejn, Iľja Nikolajevič  |4 aut 
245 1 |a Spravočnik po matematike dlja inženerov i učaščichsja VTUZov /  |c [aut.]Iľja N. Bronštejn, Konstantin A. Semenďajev 
250 |a 13.izd. 
260 |a Moskva :  |b Nauka,  |c 1986 
300 |a 544 s 
650 7 |a matematika  |2 stusub 
650 7 |a príručky  |2 stusub 
700 1 |a Semendjajev, Konstantin Adoľfovič  |4 aut 
996 |b 284M062046  |c M*735-1  |l MMKN  |s A  |a 24  |w stu34952_0001